Loading...
| History - European History | 0 | 3 | 0 | 0 | 30 | 62 | 73.00 | 0 | 1 |
| Religion | 0 | 3 | 0 | 1 | 30 | 94 | 101.67 | 0 | 0 |
| Science - Biology | 0 | 3 | 0 | 1 | 30 | 58 | 78.33 | 0 | 1 |
| Philosophy | 0 | 2 | 0 | 1 | 20 | 57 | 79.50 | 1 | 1 |
| History - American History | 0 | 1 | 0 | 0 | 10 | 62 | 62.00 | 0 | 1 |
| History - Other History | 0 | 2 | 2 | 0 | 10 | 74 | 79.50 | 1 | 1 |
| History - World History | 0 | 1 | 0 | 0 | 10 | 36 | 36.00 | 0 | 0 |
| Literature - American Literature | 0 | 1 | 0 | 0 | 10 | 88 | 88.00 | 0 | 0 |
| Literature - British Literature | 0 | 1 | 0 | 0 | 10 | 45 | 45.00 | 0 | 0 |
| Literature - European Literature | 0 | 1 | 0 | 0 | 10 | 91 | 91.00 | 0 | 1 |
| Mythology | 0 | 1 | 0 | 0 | 10 | 67 | 67.00 | 0 | 0 |
| Painting/Sculpture | 0 | 1 | 0 | 0 | 10 | 92 | 92.00 | 0 | 0 |
| Pop Culture | 0 | 1 | 0 | 1 | 10 | 67 | 67.00 | 0 | 0 |
| Social Science | 0 | 1 | 0 | 0 | 10 | 61 | 61.00 | 0 | 0 |
| Fine Arts - Classical Music | 0 | 1 | 0 | 1 | 10 | 99 | 99.00 | 0 | 0 |
| Fine Arts - Other Fine Arts | 0 | 1 | 0 | 0 | 10 | 84 | 84.00 | 0 | 1 |
| Geography | 0 | 1 | 0 | 0 | 10 | 82 | 82.00 | 0 | 0 |
| Current Events | 0 | 1 | 0 | 0 | 10 | 44 | 44.00 | 0 | 0 |
| Science - Other Science | 0 | 0 | 1 | 0 | -5 | 0.00 | 0 | 0 |